[Event "Guillermo Garcia Memorial op"]
[Site "Santa Clara"]
[Date "2022.05.09"]
[Round "9"]
[White "Manso Lopez, Rosangela"]
[Black "Frometa Castillo, Zirka"]
[Result "0-1"]
[WhiteElo "1885"]
[BlackElo "2020"]
[PlyCount "72"]
[EventDate "2022.04.30"]
[EventType "swiss"]
[EventRounds "9"]
[EventCountry "CUB"]
[SourceTitle "CBM 208 Extra"]
[Source "ChessBase"]
[SourceDate "2022.07.31"]
[SourceVersion "1"]
[SourceVersionDate "2022.07.31"]
[SourceQuality "1"]

1. d4 d5 2. e3 Bf5 3. Nf3 e6 4. Nbd2 Bd6 5. Be2 Nd7 6. c4 c6 7. Qb3 Rb8 8. 0-0 h6 9. Qc3 Ne7 10. Ne5 f6 11. Nxd7 Qxd7 12. e4 Bxe4 13. Nxe4 dxe4 14. Qe3 f5 15. b3 0-0 16. f3 exf3 17. Rxf3 Ng6 18. c5 Bc7 19. Bc4 Rbe8 20. Bb2 Kh7 21. Re1 e5 22. Qf2 e4 23. Rfe3 Nf4 24. Qc2 Nd5 25. Rh3 Rf6 26. Bc1 Nf4 27. Rhe3 Rg6 28. g3 Nd5 29. R3e2 Nf4 30. Re3 Nh3+ 31. Kg2 Ng5 32. Be2 f4 33. Rxe4 Qh3+ 34. Kh1 Nxe4 35. Bd3 Nxg3+ 36. Kg1 Rxe1+ 0-1

[Event "Guillermo Garcia Memorial op"]
[Site "Santa Clara"]
[Date "2022.05.03"]
[Round "4"]
[White "Manso Lopez, Rosangela"]
[Black "Mora Munoz, Alejandro"]
[Result "0-1"]
[WhiteElo "1885"]
[BlackElo "2011"]
[PlyCount "70"]
[EventDate "2022.04.30"]
[EventType "swiss"]
[EventRounds "9"]
[EventCountry "CUB"]
[SourceTitle "CBM 208 Extra"]
[Source "ChessBase"]
[SourceDate "2022.07.31"]
[SourceVersion "1"]
[SourceVersionDate "2022.07.31"]
[SourceQuality "1"]

1. d4 Nf6 2. e3 g6 3. Bd3 Bg7 4. Nd2 d6 5. f4 e5 6. Ne2 0-0 7. 0-0 Nc6 8. c3 exf4 9. exf4 Ne7 10. Ne4 Nxe4 11. Bxe4 d5 12. Bd3 Bf5 13. Ng3 Bxd3 14. Qxd3 h5 15. f5 h4 16. f6 hxg3 17. Qxg3 Re8 18. fxg7 Nf5 19. Qf3 Qd7 20. Qh3 Kxg7 21. Bh6+ Kg8 22. Bg5 Qe6 23. Rae1 Qxe1 24. Rxe1 Rxe1+ 25. Kf2 Rae8 26. Qd3 Nd6 27. Bf4 Ne4+ 28. Kf3 c6 29. g3 g5 30. Be5 f6 31. Bc7 Rf1+ 32. Kg2 Rf2+ 33. Kg1 Rxb2 34. Qf3 Nd2 35. Qxf6 Nf3+ 0-1

[Event "Guillermo Garcia Memorial op 28th"]
[Site "Santa Clara"]
[Date "2019.04.25"]
[Round "3"]
[White "Martin Perez, Javier"]
[Black "Manso Lopez, Rosangela"]
[Result "1/2-1/2"]
[WhiteElo "1968"]
[BlackElo "1716"]
[PlyCount "102"]
[EventDate "2019.04.23"]
[EventType "swiss"]
[EventRounds "9"]
[EventCountry "CUB"]
[SourceTitle "EXT 2020"]
[Source "ChessBase"]
[SourceDate "2019.10.17"]
[SourceVersion "1"]
[SourceVersionDate "2019.10.17"]
[SourceQuality "1"]

1. e4 e6 2. d4 d5 3. Nc3 Nf6 4. Bg5 dxe4 5. Nxe4 Be7 6. Bxf6 gxf6 7. Nf3 f5 8. Ng3 a6 9. Qd2 b5 10. Be2 Bb7 11. Nh5 Bf6 12. Qh6 Nd7 13. a4 c6 14. Rd1 Qe7 15. Ne5 0-0-0 16. Nxf6 Nxf6 17. Bf3 Ng4 18. Qg7 Nxe5 19. Qxe5 f6 20. Qe3 e5 21. axb5 axb5 22. 0-0 e4 23. Be2 Rdg8 24. Qf4 Qd7 25. Ra1 Rg5 26. Ra7 Rhg8 27. g3 Qc7 28. Qxc7+ Kxc7 29. f4 R5g7 30. Rd1 Kb6 31. Ra3 Rh8 32. Kf2 Rd8 33. Rc3 Rgd7 34. Ke3 Ba6 35. Rc5 Rd5 36. Rxd5 cxd5 37. Bh5 Rc8 38. c3 Rc7 39. Ra1 Bc8 40. Be2 Bd7 41. Ra8 Rc8 42. Rxc8 Bxc8 43. Kd2 Ka5 44. Kc2 b4 45. c4 Ba6 46. b3 Kb6 47. c5+ Kb7 48. Bxa6+ Kxa6 49. h3 h5 50. Kd2 Kb5 51. Ke3 Kc6 1/2-1/2

[Event "Guillermo Garcia Memorial op 28th"]
[Site "Santa Clara"]
[Date "2019.04.23"]
[Round "1"]
[White "Roca Rojas, Ana Flavia"]
[Black "Manso Lopez, Rosangela"]
[Result "1-0"]
[WhiteElo "2146"]
[BlackElo "1716"]
[PlyCount "65"]
[EventDate "2019.04.23"]
[EventType "swiss"]
[EventRounds "9"]
[EventCountry "CUB"]
[SourceTitle "EXT 2020"]
[Source "ChessBase"]
[SourceDate "2019.10.17"]
[SourceVersion "1"]
[SourceVersionDate "2019.10.17"]
[SourceQuality "1"]

1. c4 Nf6 2. g3 g6 3. Bg2 Bg7 4. Nc3 c6 5. e4 d6 6. d4 0-0 7. Nf3 Nbd7 8. 0-0 Qc7 9. Re1 e5 10. d5 cxd5 11. cxd5 Nc5 12. b4 Na6 13. Qb3 Bd7 14. Rb1 Rac8 15. Bd2 Qc4 16. Qb2 Nb8 17. a4 a6 18. Rbc1 Qc7 19. Nb5 Qd8 20. Nxd6 Rxc1 21. Qxc1 Bxa4 22. Nxb7 Qe7 23. Na5 Bb5 24. Qc5 Qe8 25. Qc7 Nfd7 26. Be3 Qc8 27. Rc1 Qxc7 28. Rxc7 Re8 29. Nb7 Bf8 30. Bc5 Nxc5 31. bxc5 Nd7 32. Bh3 Nf6 33. d6 1-0

[Event "Las Tunas 28 de Enero-C"]
[Site "Las Tunas"]
[Date "2019.01.21"]
[Round "10.2"]
[White "Manso Lopez, Rosangela"]
[Black "De la Fuente Ochoa, Paloma Yunaid"]
[Result "1/2-1/2"]
[WhiteElo "1617"]
[BlackElo "1691"]
[PlyCount "33"]
[EventDate "2019.01.16"]
[EventType "tourn"]
[EventRounds "10"]
[EventCountry "CUB"]
[SourceTitle "EXT 2023"]
[Source "ChessBase"]
[SourceDate "2022.10.05"]
[SourceVersion "1"]
[SourceVersionDate "2022.10.05"]
[SourceQuality "1"]

1. e4 c5 2. Nc3 Nc6 3. g3 g6 4. d3 Bg7 5. Be3 d6 6. Qd2 Qa5 7. Bg2 Bd7 8. Nge2 Nd4 9. f4 Bg4 10. Bxd4 cxd4 11. Nd5 Qxd2+ 12. Kxd2 Kd7 13. c4 Bxe2 14. Kxe2 Nf6 15. Nxf6+ Bxf6 16. Rhf1 Rhf8 17. Rae1 1/2-1/2

[Event "Las Tunas 28 de Enero-C"]
[Site "Las Tunas"]
[Date "2019.01.18"]
[Round "5.2"]
[White "De la Fuente Ochoa, Paloma Yunaid"]
[Black "Manso Lopez, Rosangela"]
[Result "1/2-1/2"]
[WhiteElo "1691"]
[BlackElo "1617"]
[PlyCount "45"]
[EventDate "2019.01.16"]
[EventType "tourn"]
[EventRounds "10"]
[EventCountry "CUB"]
[SourceTitle "EXT 2023"]
[Source "ChessBase"]
[SourceDate "2022.10.05"]
[SourceVersion "1"]
[SourceVersionDate "2022.10.05"]
[SourceQuality "1"]

1. d4 e6 2. Bf4 Nf6 3. e3 b6 4. Bd3 Bb7 5. Nf3 c5 6. c3 Nc6 7. Nbd2 d5 8. Bg3 c4 9. Bc2 Bd6 10. Ne5 Bxe5 11. Bxe5 Nxe5 12. dxe5 Nd7 13. Ba4 0-0 14. Bxd7 Qxd7 15. Nf3 Qc7 16. 0-0 f6 17. Qd4 fxe5 18. Qxe5 Qxe5 19. Nxe5 Rac8 20. Rfd1 Rf5 21. f4 Bc6 22. a4 a5 23. Rd4 1/2-1/2

[Event "Las Tunas 28 de Enero-C"]
[Site "Las Tunas"]
[Date "2019.01.16"]
[Round "1.2"]
[White "Manso Lopez, Rosangela"]
[Black "Parra Hidalgo, Leydi Laura"]
[Result "1-0"]
[WhiteElo "1617"]
[BlackElo "1694"]
[PlyCount "148"]
[EventDate "2019.01.16"]
[EventType "tourn"]
[EventRounds "10"]
[EventCountry "CUB"]
[SourceTitle "EXT 2023"]
[Source "ChessBase"]
[SourceDate "2022.10.05"]
[SourceVersion "1"]
[SourceVersionDate "2022.10.05"]
[SourceQuality "1"]

1. d4 d5 2. Nf3 Nc6 3. Bf4 Nf6 4. e3 Bg4 5. c3 e6 6. Bd3 Be7 7. Nbd2 0-0 8. h3 Bh5 9. Qc2 Bg6 10. Bxg6 hxg6 11. 0-0 Nh5 12. Bh2 Bd6 13. Ne5 Ne7 14. c4 c6 15. c5 Bc7 16. Kh1 Nf6 17. b4 Nd7 18. Ndf3 Nxe5 19. Nxe5 Nf5 20. Qe2 Bxe5 21. Bxe5 Qh4 22. Qg4 f6 23. Qxh4 Nxh4 24. Bd6 Rfe8 25. a4 Rac8 26. b5 Nf5 27. Bh2 e5 28. bxc6 Rxc6 29. dxe5 fxe5 30. g4 Nh4 31. Bg3 Nf3 32. Kg2 Ng5 33. Rfb1 Rxc5 34. Rxb7 Ra5 35. Rb5 Rxb5 36. axb5 Ne4 37. Rxa7 Nxg3 38. Kxg3 Rb8 39. Ra5 Kf7 40. b6 Ke6 41. Ra6 d4 42. exd4 exd4 43. Kf3 Kd5 44. Ke2 Ke4 45. f3+ Kd5 46. Kd3 Kc5 47. Ra5+ Kxb6 48. Rg5 Rf8 49. Rxg6+ Kc5 50. Rg5+ Kd6 51. Kxd4 Rxf3 52. Rg6+ Ke7 53. Rxg7+ Kf6 54. Rh7 Kg6 55. Rh8 Kg7 56. Rh5 Kg6 57. Ke4 Rf1 58. h4 Re1+ 59. Kf3 Rf1+ 60. Kg2 Rf4 61. Kg3 Ra4 62. Rf5 Rb4 63. h5+ Kh6 64. Rf6+ Kg7 65. g5 Rb3+ 66. Kg4 Rb4+ 67. Rf4 Rb5 68. h6+ Kg6 69. Rf6+ Kh7 70. Rf7+ Kg8 71. g6 Rb4+ 72. Kg5 Rb5+ 73. Rf5 Rb7 74. h7+ Kg7 1-0

[Event "Victoria de Giron Cup tt"]
[Site "Matanzas"]
[Date "2018.10.02"]
[Round "1.4"]
[White "Manso Lopez, Rosangela"]
[Black "Garcia Fuentes, Rachel"]
[Result "0-1"]
[WhiteElo "1582"]
[BlackElo "1486"]
[PlyCount "60"]
[EventDate "2018.10.02"]
[EventType "team-tourn"]
[EventRounds "9"]
[EventCountry "CUB"]
[SourceTitle "EXT 2021"]
[Source "ChessBase"]
[SourceDate "2020.10.23"]
[SourceVersion "1"]
[SourceVersionDate "2020.10.23"]
[SourceQuality "1"]

1. d4 d5 2. Nf3 Nf6 3. Bf4 Bf5 4. e3 e6 5. c3 Bd6 6. Ne5 c5 7. Bb5+ Ke7 8. 0-0 a6 9. Ba4 b5 10. Bc2 Re8 11. Bxf5 exf5 12. Qc2 Kf8 13. Qxf5 Kg8 14. Nd2 cxd4 15. exd4 Bxe5 16. dxe5 Nfd7 17. Rfe1 Nc6 18. e6 fxe6 19. Rxe6 Ne7 20. Qg4 Ng6 21. Rae1 Nf6 22. Rxe8+ Nxe8 23. Qe6+ Kh8 24. Nf3 Nxf4 25. Qe5 Nd3 26. Qe6 Nxe1 27. Ne5 Nd6 28. Qxd5 Qf8 29. Kf1 Nc2 30. Qd1 Ne3+ 0-1

[Event "Francisco Martinez 8th tt"]
[Site "Santa Clara"]
[Date "2018.08.20"]
[Round "9.2"]
[White "Flores Gomez, Yohnier"]
[Black "Manso Lopez, Rosangela"]
[Result "1-0"]
[WhiteElo "1883"]
[BlackElo "1476"]
[PlyCount "51"]
[EventDate "2018.08.16"]
[EventType "team-tourn"]
[EventRounds "10"]
[EventCountry "CUB"]
[EventCategory "8"]
[SourceTitle "EXT 2021"]
[Source "ChessBase"]
[SourceDate "2020.10.23"]
[SourceVersion "1"]
[SourceVersionDate "2020.10.23"]
[SourceQuality "1"]

1. d4 Nf6 2. c4 e6 3. g3 Bb4+ 4. Bd2 Qe7 5. Bg2 Nc6 6. Nf3 Bxd2+ 7. Nbxd2 d6 8. 0-0 0-0 9. e4 e5 10. d5 Nb8 11. Ne1 a5 12. Nd3 c6 13. Qc2 cxd5 14. cxd5 Na6 15. Rac1 Bd7 16. a4 Rfc8 17. Qb3 Be8 18. Nc4 Rab8 19. Nxa5 Rxc1 20. Rxc1 Qd7 21. Nc4 Kf8 22. Qa3 Ke7 23. Ndxe5 Qd8 24. Nd3 Qd7 25. e5 Ng8 26. Nxd6 1-0

[Event "Francisco Martinez 8th tt"]
[Site "Santa Clara"]
[Date "2018.08.18"]
[Round "5.3"]
[White "Santos Peraza, Edel David"]
[Black "Manso Lopez, Rosangela"]
[Result "0-1"]
[WhiteElo "1762"]
[BlackElo "1476"]
[PlyCount "54"]
[EventDate "2018.08.16"]
[EventType "team-tourn"]
[EventRounds "10"]
[EventCountry "CUB"]
[EventCategory "8"]
[SourceTitle "EXT 2021"]
[Source "ChessBase"]
[SourceDate "2020.10.23"]
[SourceVersion "1"]
[SourceVersionDate "2020.10.23"]
[SourceQuality "1"]

1. e4 e6 2. d4 d5 3. Nc3 Nf6 4. e5 Nfd7 5. Nce2 c5 6. c3 Qb6 7. Nf3 Nc6 8. a3 cxd4 9. cxd4 f6 10. exf6 Nxf6 11. g3 Bd6 12. Nc3 a6 13. Bg2 0-0 14. 0-0 Na5 15. Re1 Bd7 16. Rb1 Rac8 17. Bh3 Rxc3 18. Bf4 Rc6 19. Bxd6 Rxd6 20. Ne5 Bc8 21. Qd2 Nb3 22. Qg5 Nxd4 23. Red1 Ne4 24. Qh5 Rxf2 25. Qe8+ Rf8 26. Qh5 Ne2+ 27. Kh1 N2xg3+ 0-1

[Event "CUB Province-chT Schools 54th"]
[Site "Santa Clara"]
[Date "2018.07.15"]
[Round "5.7"]
[White "Manso Lopez, Rosangela"]
[Black "Cabrera Ramos, Brenda Milagros"]
[Result "0-1"]
[WhiteElo "1556"]
[BlackElo "1522"]
[PlyCount "164"]
[EventDate "2018.07.13"]
[EventType "team-swiss"]
[EventRounds "9"]
[EventCountry "CUB"]
[SourceTitle "CBM 195 Extra"]
[Source "ChessBase"]
[SourceDate "2020.05.31"]
[SourceVersion "1"]
[SourceVersionDate "2020.05.31"]
[SourceQuality "1"]
[WhiteTeam "Sancti Spiritus"]
[BlackTeam "Santiago de Cuba"]
[WhiteTeamCountry "CUB"]
[BlackTeamCountry "CUB"]

1. d4 f5 2. Nf3 Nf6 3. Bf4 e6 4. e3 Be7 5. Bd3 0-0 6. h3 d6 7. Nbd2 Nc6 8. 0-0 Qe8 9. Be2 Bd8 10. Bb5 Bd7 11. c4 Qg6 12. Rc1 Ne4 13. d5 Nb8 14. Bxd7 Nxd7 15. dxe6 Qxe6 16. Nd4 Qg6 17. N2f3 Ndc5 18. b4 Ne6 19. Nxe6 Qxe6 20. Nd4 Qg6 21. Nb3 Bg5 22. Bxg5 Nxg5 23. Kh2 Ne6 24. Qd5 b6 25. Nd4 Rae8 26. c5 dxc5 27. bxc5 Kh8 28. cxb6 Nxd4 29. Qxd4 cxb6 30. Kh1 Rd8 31. Qa4 Rf7 32. Rc6 Qg5 33. Rfc1 g6 34. Rc8 Rxc8 35. Qd4+ Qf6 36. Rxc8+ Kg7 37. Qxf6+ Rxf6 38. g3 Rf7 39. Kg2 Kf6 40. Kf3 Re7 41. h4 Ke5 42. Rd8 Ke6 43. Kf4 Kf6 44. Rf8+ Kg7 45. Rd8 Re4+ 46. Kf3 Ra4 47. Rd2 a5 48. Ke2 Kf6 49. Kd3 Ke5 50. Kc3 Rb4 51. Rd7 h5 52. Re7+ Kd5 53. Rg7 Rg4 54. Rd7+ Ke4 55. Kd2 Kf3 56. Ke1 Rc4 57. Rd4 Rxd4 58. exd4 Ke4 59. Ke2 Kxd4 60. Kd2 b5 61. Kc2 b4 62. Kb3 Kd3 63. Ka4 Ke2 64. Kxa5 Kxf2 65. Kxb4 Kxg3 66. a4 f4 67. a5 f3 68. a6 f2 69. a7 f1Q 70. a8Q Qf4+ 71. Kc5 Qe3+ 72. Kd6 Qf4+ 73. Kc5 Kxh4 74. Kb6 g5 75. Qh1+ Kg4 76. Qg2+ Kf5 77. Qc2+ Qe4 78. Qf2+ Kg6 79. Qd2 g4 80. Qd6+ Kf7 81. Ka5 Qa8+ 82. Kb4 Qf8 0-1

[Event "CUB Province-chT Schools 54th"]
[Site "Santa Clara"]
[Date "2018.07.14"]
[Round "3.5"]
[White "Manso Lopez, Rosangela"]
[Black "Blanco Rodriguez, Roxana Salvador"]
[Result "0-1"]
[WhiteElo "1556"]
[BlackElo "1701"]
[PlyCount "68"]
[EventDate "2018.07.13"]
[EventType "team-swiss"]
[EventRounds "9"]
[EventCountry "CUB"]
[SourceTitle "CBM 195 Extra"]
[Source "ChessBase"]
[SourceDate "2020.05.31"]
[SourceVersion "1"]
[SourceVersionDate "2020.05.31"]
[SourceQuality "1"]
[WhiteTeam "Sancti Spiritus"]
[BlackTeam "Granma"]
[WhiteTeamCountry "CUB"]
[BlackTeamCountry "CUB"]

1. d4 Nf6 2. Nf3 e6 3. Bf4 d6 4. e3 Be7 5. Bd3 Nbd7 6. Nbd2 0-0 7. h3 b6 8. 0-0 Bb7 9. e4 Rc8 10. c4 c5 11. e5 Ne8 12. Ne4 d5 13. Neg5 g6 14. h4 Ng7 15. g4 cxd4 16. cxd5 Bxd5 17. Kh2 Nc5 18. Be2 Qd7 19. Rg1 Qb7 20. Nxd4 Rfd8 21. Bf3 Bxf3 22. Ngxf3 Qe4 23. Be3 Nd7 24. Qf1 Nxe5 25. Nxe5 Qxe5+ 26. Kh3 Bxh4 27. Rh1 Bf6 28. Nf3 Qd5 29. Ne1 Bxb2 30. Rb1 Bc3 31. Ng2 Qf3+ 32. Kh2 Be5+ 33. Kg1 Qxg4 34. Rc1 Rxc1 0-1

[Event "Villa Yayabo tt"]
[Site "Sancti Spiritus"]
[Date "2018.06.07"]
[Round "7.1"]
[White "Hernandez Yero, Fernando"]
[Black "Manso Lopez, Rosangela"]
[Result "1-0"]
[WhiteElo "1749"]
[BlackElo "1526"]
[PlyCount "39"]
[EventDate "2018.06.04"]
[EventType "team-tourn"]
[EventRounds "10"]
[EventCountry "CUB"]
[SourceTitle "EXT 2021"]
[Source "ChessBase"]
[SourceDate "2020.10.23"]
[SourceVersion "1"]
[SourceVersionDate "2020.10.23"]
[SourceQuality "1"]

1. e4 e6 2. d4 d5 3. Nd2 c5 4. exd5 Qxd5 5. Ngf3 cxd4 6. Bc4 Qd6 7. 0-0 Nf6 8. Nb3 Nc6 9. Nbxd4 Nxd4 10. Nxd4 a6 11. Re1 Qc7 12. Bb3 Bd6 13. Nf5 Bxh2+ 14. Kh1 0-0 15. Nxg7 Kxg7 16. Qd4 Rd8 17. Bh6+ Kxh6 18. Qxf6+ Kh5 19. Re4 Be5 20. Rh4# 1-0

[Event "Villa Yayabo tt"]
[Site "Sancti Spiritus"]
[Date "2018.06.05"]
[Round "5.1"]
[White "Tanda Pretel, Rafael Antonio"]
[Black "Manso Lopez, Rosangela"]
[Result "1/2-1/2"]
[WhiteElo "1768"]
[BlackElo "1526"]
[PlyCount "38"]
[EventDate "2018.06.04"]
[EventType "team-tourn"]
[EventRounds "10"]
[EventCountry "CUB"]
[SourceTitle "EXT 2021"]
[Source "ChessBase"]
[SourceDate "2020.10.23"]
[SourceVersion "1"]
[SourceVersionDate "2020.10.23"]
[SourceQuality "1"]

1. e4 e6 2. d3 d5 3. Nd2 Nf6 4. Ngf3 dxe4 5. dxe4 Bc5 6. Bc4 Nc6 7. 0-0 0-0 8. c3 Ng4 9. Bb3 Nge5 10. Bc2 Qf6 11. Qe2 Bd6 12. Nxe5 Nxe5 13. Nc4 Nxc4 14. Qxc4 e5 15. Qe2 Bc5 16. Bb3 Be6 17. Bxe6 Qxe6 18. Be3 Bxe3 19. Qxe3 Rfd8 1/2-1/2

[Event "Villa Yayabo tt"]
[Site "Sancti Spiritus"]
[Date "2018.06.04"]
[Round "1.1"]
[White "Cabrales Santos, Guzman"]
[Black "Manso Lopez, Rosangela"]
[Result "0-1"]
[WhiteElo "1655"]
[BlackElo "1526"]
[PlyCount "48"]
[EventDate "2018.06.04"]
[EventType "team-tourn"]
[EventRounds "10"]
[EventCountry "CUB"]
[SourceTitle "EXT 2021"]
[Source "ChessBase"]
[SourceDate "2020.10.23"]
[SourceVersion "1"]
[SourceVersionDate "2020.10.23"]
[SourceQuality "1"]

1. d4 e6 2. c4 Nf6 3. Nf3 Bb4+ 4. Bd2 Qe7 5. g3 Nc6 6. Bg2 Bxd2+ 7. Nbxd2 d6 8. 0-0 e5 9. dxe5 dxe5 10. Qb3 0-0 11. e3 Rd8 12. Rfd1 e4 13. Ng5 Rd3 14. Qc2 Nb4 15. Qb1 Bg4 16. f3 exf3 17. Ndxf3 Qxe3+ 18. Kh1 Bxf3 19. Nxf3 Rad8 20. Rxd3 Nxd3 21. Qc2 Ng4 22. h4 Ndf2+ 23. Kg1 Ne4+ 24. Kh1 Nxg3# 0-1

[Event "Tomas Aguilera Angelino Memorial"]
[Site "Ciego de Avila"]
[Date "2018.04.10"]
[Round "9"]
[White "Martin Beltran, Thalia"]
[Black "Manso Lopez, Rosangela"]
[Result "0-1"]
[WhiteElo "1510"]
[BlackElo "1542"]
[PlyCount "46"]
[EventDate "2018.04.05"]
[EventType "swiss"]
[EventRounds "9"]
[EventCountry "CUB"]
[SourceTitle "EXT 2021"]
[Source "ChessBase"]
[SourceDate "2020.10.23"]
[SourceVersion "1"]
[SourceVersionDate "2020.10.23"]
[SourceQuality "1"]

1. e4 e6 2. d4 d5 3. exd5 exd5 4. Bd3 Bd6 5. Qf3 h6 6. Ne2 Nf6 7. h3 0-0 8. 0-0 c6 9. c3 Be6 10. Re1 Nbd7 11. Bf4 Nb6 12. Nd2 Nc4 13. Nxc4 dxc4 14. Bc2 Re8 15. Rad1 Bd5 16. Qg3 Nh5 17. Qh2 Nxf4 18. Nxf4 g5 19. Rxe8+ Qxe8 20. g3 gxf4 21. gxf4 Kh8 22. Qg3 Qe2 23. Rc1 Rg8 0-1

[Event "Santa Clara Salado Cup"]
[Site "Santa Clara"]
[Date "2018.03.31"]
[Round "5"]
[White "Gandia Munoz, Pedro Julio"]
[Black "Manso Lopez, Rosangela"]
[Result "1-0"]
[WhiteElo "1817"]
[BlackElo "1542"]
[PlyCount "95"]
[EventDate "2018.03.29"]
[EventType "swiss"]
[EventRounds "7"]
[EventCountry "CUB"]
[SourceTitle "EXT 2021"]
[Source "ChessBase"]
[SourceDate "2020.10.23"]
[SourceVersion "1"]
[SourceVersionDate "2020.10.23"]
[SourceQuality "1"]

1. e4 e6 2. d4 d5 3. e5 c5 4. Nf3 Qb6 5. Nc3 a6 6. Rb1 Nc6 7. Be3 cxd4 8. Bxd4 Nxd4 9. Nxd4 Bc5 10. Na4 Qa5+ 11. c3 Be7 12. b4 Qc7 13. Qd2 Bd7 14. Nb2 Qxe5+ 15. Be2 Nf6 16. Nd3 Qc7 17. f3 0-0 18. 0-0 Rfc8 19. Rfc1 Bd6 20. h3 e5 21. Nb3 b6 22. Nf2 e4 23. fxe4 Bf4 24. Qc2 Bxc1 25. Rxc1 dxe4 26. Nxe4 Nxe4 27. Qxe4 Re8 28. Qf3 Bc6 29. Qf2 Qe5 30. Nd4 Bb7 31. Rf1 Qe3 32. Bc4 Qxf2+ 33. Rxf2 Re1+ 34. Kh2 Rf8 35. Bb3 Re5 36. Nf5 Bc8 37. Nd4 Be6 38. Nc6 Re3 39. c4 Re4 40. c5 Bxb3 41. axb3 bxc5 42. bxc5 Rc8 43. Rd2 h6 44. Rd6 Re6 45. Rxe6 fxe6 46. Ne7+ Kf7 47. Nxc8 Ke8 48. b4 1-0

[Event "Santa Clara Salado Cup"]
[Site "Santa Clara"]
[Date "2018.03.31"]
[Round "4"]
[White "Manso Lopez, Rosangela"]
[Black "Hernandez Yero, Fernando"]
[Result "0-1"]
[WhiteElo "1542"]
[BlackElo "1732"]
[PlyCount "104"]
[EventDate "2018.03.29"]
[EventType "swiss"]
[EventRounds "7"]
[EventCountry "CUB"]
[SourceTitle "EXT 2021"]
[Source "ChessBase"]
[SourceDate "2020.10.23"]
[SourceVersion "1"]
[SourceVersionDate "2020.10.23"]
[SourceQuality "1"]

1. d4 d5 2. Nf3 Nf6 3. Bf4 e6 4. e3 c5 5. c3 Nc6 6. Bd3 Bd6 7. Bg3 0-0 8. Nbd2 Re8 9. Ne5 Qc7 10. f4 g6 11. Bh4 Be7 12. Bxf6 Bxf6 13. Ndf3 Bg7 14. h4 f6 15. Nxc6 bxc6 16. 0-0 cxd4 17. cxd4 e5 18. dxe5 fxe5 19. e4 exf4 20. exd5 cxd5 21. Qb3 Qb6+ 22. Qxb6 axb6 23. Bb5 Re7 24. Bc6 Bb7 25. Bxb7 Rxb7 26. Rf2 Rd7 27. a3 h6 28. Rd1 d4 29. Rfd2 Rad8 30. Ne1 Kf7 31. Nd3 g5 32. hxg5 hxg5 33. Nb4 Rd6 34. Kf2 Ke6 35. Re1+ Kf5 36. Nd3 Bf6 37. g3 fxg3+ 38. Kxg3 g4 39. Rf2+ Kg5 40. Rf4 Kg6 41. Rxg4+ Kf7 42. Kf3 Rh8 43. Nf2 Rh5 44. Ne4 Re6 45. Nxf6 Rf5+ 46. Rf4 Rxf4+ 47. Kxf4 Rxe1 48. Nd5 d3 49. Nc3 d2 50. Kf3 d1Q+ 51. Nxd1 Rxd1 52. Ke2 Rb1 0-1

[Event "Santa Clara Salado Cup"]
[Site "Santa Clara"]
[Date "2018.03.30"]
[Round "2"]
[White "Borroto Fajardo, Alian Alberto"]
[Black "Manso Lopez, Rosangela"]
[Result "1-0"]
[WhiteElo "1844"]
[BlackElo "1542"]
[PlyCount "51"]
[EventDate "2018.03.29"]
[EventType "swiss"]
[EventRounds "7"]
[EventCountry "CUB"]
[SourceTitle "EXT 2021"]
[Source "ChessBase"]
[SourceDate "2020.10.23"]
[SourceVersion "1"]
[SourceVersionDate "2020.10.23"]
[SourceQuality "1"]

1. d4 c5 2. c3 cxd4 3. cxd4 d5 4. Bf4 Nc6 5. e3 Nf6 6. Nc3 Bf5 7. Qb3 Qd7 8. Nf3 a6 9. Be2 e6 10. 0-0 Be7 11. h3 0-0 12. Nh4 Be4 13. f3 Bg6 14. Nxg6 hxg6 15. Na4 Na5 16. Qd1 Qd8 17. Rc1 Nc6 18. Qb3 Na5 19. Qb6 Qxb6 20. Nxb6 Rae8 21. g4 Bd8 22. Nc8 Nc6 23. Bd6 Be7 24. Nxe7+ Nxe7 25. Rc7 Rc8 26. Rxe7 1-0

[Event "Camaguey 504 Anniv Escolar"]
[Site "Camaguey"]
[Date "2018.??.??"]
[Round "5.4"]
[White "Hernandez Arencibia, Miralys"]
[Black "Manso Lopez, Rosangela"]
[Result "0-1"]
[WhiteElo "1574"]
[BlackElo "1542"]
[PlyCount "70"]
[EventDate "2018.02.01"]
[EventType "team-tourn"]
[EventRounds "7"]
[EventCountry "CUB"]
[SourceTitle "EXT 2021"]
[Source "ChessBase"]
[SourceDate "2020.10.23"]
[SourceVersion "1"]
[SourceVersionDate "2020.10.23"]
[SourceQuality "1"]

1. e4 e6 2. d4 d5 3. exd5 exd5 4. Nf3 Bd6 5. c4 dxc4 6. Bxc4 Ne7 7. Nc3 Bg4 8. Be3 Nd7 9. 0-0 Nb6 10. Bb3 c6 11. Re1 0-0 12. Rc1 Nf5 13. h3 Nxe3 14. fxe3 Bh5 15. e4 Bg3 16. Rf1 Bf4 17. Rc2 Qc7 18. Ne2 Be3+ 19. Kh1 Rad8 20. d5 Qe7 21. Qd3 Bh6 22. Rd1 cxd5 23. Qc3 dxe4 24. Rxd8 Rxd8 25. Nfd4 Bxe2 26. Nxe2 Bg5 27. Qg3 Rd1+ 28. Ng1 h6 29. Rc7 Rd7 30. Rxd7 Qxd7 31. Qb8+ Qc8 32. Qxa7 Be3 33. Ne2 Qf5 34. Ng3 Qf2 35. Nh5 Qg1# 0-1

[Event "CUB School-chT"]
[Site "Santa Clara"]
[Date "2017.07.16"]
[Round "7.7"]
[White "Cardosa Espino, Adria"]
[Black "Manso Lopez, Rosangela"]
[Result "1-0"]
[WhiteElo "1669"]
[BlackElo "1554"]
[PlyCount "57"]
[EventDate "2017.07.13"]
[EventType "team-swiss"]
[EventRounds "9"]
[EventCountry "CUB"]
[SourceTitle "EXT 2023"]
[Source "ChessBase"]
[SourceDate "2022.10.05"]
[SourceVersion "1"]
[SourceVersionDate "2022.10.05"]
[SourceQuality "1"]

1. e4 e6 2. d4 d5 3. exd5 exd5 4. Qf3 Bd6 5. Bd3 Nc6 6. c3 Be6 7. Ne2 h6 8. Be3 Nf6 9. h3 Qd7 10. Nd2 a6 11. g4 0-0-0 12. Nb3 Kb8 13. 0-0-0 Rhe8 14. Kb1 Ne4 15. Nc5 Bxc5 16. dxc5 Ne5 17. Qg2 Nxd3 18. Rxd3 Qb5 19. Rhd1 a5 20. Nd4 Qa6 21. Nxe6 fxe6 22. f3 Nf6 23. Qf2 Qc6 24. c4 Kc8 25. cxd5 exd5 26. Qd2 Qa6 27. Ra3 Kb8 28. Rxa5 Qc4 29. Rc1 1-0

[Event "CUB School-chT"]
[Site "Santa Clara"]
[Date "2017.07.16"]
[Round "8.7"]
[White "Manso Lopez, Rosangela"]
[Black "Martinez Fish, Leidys Marai"]
[Result "0-1"]
[WhiteElo "1554"]
[BlackElo "1696"]
[PlyCount "54"]
[EventDate "2017.07.13"]
[EventType "team-swiss"]
[EventRounds "9"]
[EventCountry "CUB"]
[SourceTitle "EXT 2023"]
[Source "ChessBase"]
[SourceDate "2022.10.05"]
[SourceVersion "1"]
[SourceVersionDate "2022.10.05"]
[SourceQuality "1"]

1. d4 d5 2. Nf3 Nf6 3. Bf4 e6 4. e3 c5 5. c3 Nc6 6. Bb5 Qb6 7. Bxc6+ bxc6 8. Qc2 Ba6 9. Nbd2 Qb5 10. Nb3 Ne4 11. dxc5 Nxc5 12. Nxc5 Bxc5 13. Nd4 Bxd4 14. exd4 0-0 15. f3 f6 16. 0-0-0 Qa5 17. Bd6 Rfd8 18. Ba3 Bc4 19. Kb1 Rab8 20. Ka1 Rb5 21. Rb1 Rdb8 22. Rhe1 Re8 23. h4 f5 24. g4 Qa6 25. gxf5 Rb7 26. Rbd1 Reb8 27. Rb1 Bd3 0-1